Estadísticas para Eventos de Gimnasia

Haz click aquí para tomar la prueba!

Estadísticas generales

  • Esta prueba ha sido tomada 323 veces
  • La puntuación promedio es 8 de 13

Estadísticas de respuestas

Forma de Gimnasia Evento/Aparato % Correcto
Artística FemeninoBarras Asimétricas
94%
RítmicaAro
80%
Artística Masculino/FemeninoSalto de Potro
79%
Artística MasculinoAnillas
79%
RítmicaCinta
75%
RítmicaPelota
70%
Artística Masculino/FemeninoSuelo
69%
Artística MasculinoBarras Paralelas
51%
RítmicaMazas
48%
Artística MasculinoBarra Fija
40%
Artística FemeninoBarra de Equilibrio
35%
RythmicCuerda
30%
Artística MasculinoCaballo con Arcos
27%

Distribución de puntuación

Porcentaje por número respondido

Porcentaje de gente con cada puntuación

Historial de tus puntuaciones

No has tomado esta prueba